Statistics for 50 Pop Fiction Authors

Click here to take the quiz!

General Stats

  • This quiz has been taken 220 times
  • The average score is 7 of 52

Answer Stats

Title or Recurring CharacterAnswer% Correct
The DaVinci CodeDan Brown
85%
TommyknockersStephen King
65%
Interview with a VampireAnne Rice
54%
RainmakerJohn Grisham
51%
Fifty Shades of GreyE.L. James
40%
Alex CrossJames Patterson
34%
The NotebookNicholas Sparks
30%
The HostStephanie Meyer
25%
Without RemorseTom Clancy
22%
Gone GirlGillian Flynn
21%
Pillars of the EarthKen Follett
21%
The Longmire DefenseCraig Johnson
15%
The Killing FloorLee Child
14%
Mike HammerMickey Spillane
14%
Wheel of TimeRobert Jordan
14%
PhantomsDean R. Koontz
12%
OutlanderDiana Gabaldon
12%
W is for WastedSue Grafton
10%
Naked in DeathNora Roberts/J.D. Robb
9%
The Body FarmPatricia Cornwell
9%
The Girl on the TrainPaula Hawkins
9%
Presumed InnocentScott Turow
9%
AirportArthur Hailey
8%
Sookie StackhouseCharlaine Harris
8%
A Stranger is WatchingMary Higgins Clark
8%
The Lincoln LawyerMichael Connelly
8%
ComaRobin Cook
8%
Now and ForeverDanielle Steel
7%
The Bone CollectorJeffrey Deaver
7%
Temperance BrennanKathy Reichs
7%
Guest ListLucy Foley
7%
Absolute PowerDavid Baldacci
5%
Whip HandDick Francis
5%
The Clifton ChroniclesJeffrey Archer
5%
Too LateColleen Hoover
4%
StripteaseCarl Hiassen
3%
Open SeasonC.J. Box
3%
Drop ShotHarlan Coben
3%
Fortune and GloryJanet Evanovich
3%
Rules of PreyJohn Sandford
3%
Black Dagger BrotherhoodJ.R. Ward
3%
Book of FateBrad Meltzer
2%
Dead FallBrad Thor
2%
A Death in ViennaDaniel Silva
2%
McBainEvan Hunter
2%
The Chapman ReportIrving Wallace
2%
Foxfire LightJanet Dailey
2%
Cotton MaloneSteve Berry
2%
BombshellCatherine Coulter
1%
Walking DisasterJamie McGuire
1%
Ex-HeroesPeter Clines
1%
One Year AfterWilliam Forstchen
1%

Score Distribution

Percentile by Number Answered

Percent of People with Each Score

Your Score History

You have not taken this quiz